Lecciones de Derecho Administrativo
Uloženo v:
| Hlavní autor: | |
|---|---|
| Médium: | Kniha |
| Jazyk: | španělština |
| Vydáno: |
Valencia
Tirant Lo Blanch
2018
|
| Vydání: | Novena edición |
| Edice: | Manuales
|
| Témata: | |
| Tagy: |
Přidat tag
Žádné tagy, Buďte první, kdo vytvoří štítek k tomuto záznamu!
|
MARC
| LEADER | 00000cam a2200000 a 4500 | ||
|---|---|---|---|
| 001 | UCC9163 | ||
| 003 | CL-VaPUC | ||
| 005 | 20230309171336.0 | ||
| 008 | 190906e20180000sp |||||||||||||||||spa|d | ||
| 999 | |c 375357 |d 375355 | ||
| 020 | |a 9788491903758 | ||
| 040 | |c Pontificia Universidad Católica de Valparaíso | ||
| 082 | 0 | 4 | |a 342.06 PAR 2018 |
| 100 | |a Parejo Alfonso, Luciano |e autor |9 339 | ||
| 245 | 1 | 0 | |a Lecciones de Derecho Administrativo |
| 250 | |a Novena edición | ||
| 260 | |a Valencia |b Tirant Lo Blanch |c 2018 | ||
| 300 | |a 1354 p | ||
| 490 | 0 | |a Manuales | |
| 583 | |c 20200115 | ||
| 650 | 0 | |a Derecho administrativo |9 254851 | |
| 650 | 0 | |a Administración pública |9 255343 | |
| 650 | 0 | |a Fuentes del derecho administrativo |9 553587 | |
| 942 | |c BK |2 ddc | ||
| 945 | |d 20190906 13:31:00 |a dcastane | ||
| 952 | |0 0 |1 0 |3 erb |4 0 |6 342_060000000000000_PAR_2018 |7 0 |8 A |9 494317 |a BIBDER |b BIBDER |i 5560608 |l 3 |m 1 |o 342.06 PAR 2018 |p 5560608 |r 2025-05-09 |s 2025-05-09 |t 1 |w 2019-11-24 |y BK |z Catalogado en:20190906 |k DER | ||
| 952 | |0 0 |1 0 |2 ddc |4 0 |6 342_060000000000000_PAR_2018 |7 0 |9 495250 |a BIBDER |b BIBDER |d 2019-12-27 |e 36 |g 53828.00 |i 5568633 |o 342.06 PAR 2018 |p 5568633 |r 2023-01-25 |t 2 |v 53828.00 |w 2019-12-27 |y BK |k DER | ||